La democracia posible : principios para un nuevo debate político /

Estudio acerca de los principios de moralidad personal y política que deberán estar en la base de cualquier debate político en toda sociedad avanzada. Para ello, Dworkin analiza algunos tópicos que considera fundamentales: dignidad de la persona, derechos humanos, religión y política, distribución d...

Celý popis

Uloženo v:
Podrobná bibliografie
Hlavní autor: Dworkin, Ronald M. (autor)
Médium: Kniha
Jazyk:španělština
Vydáno: Barcelona, España : Paidós, 2008, c2008
Edice:(Paidós Estado y Sociedad ; 154)
Témata:
Tagy: Přidat tag
Žádné tagy, Buďte první, kdo vytvoří štítek k tomuto záznamu!

MARC

LEADER 00000nam^a2200000^a^4500
001 000300386
005 20250521000000.0
009 20260310112507.226
020 |a 978-84-493-2084-2 
037 |a Acervo ITESO - Biblioteca 
041 |a ESP 
082 |a 320. 01  |b DWO 
100 |a Dworkin, Ronald M.  |e (autor) 
245 1 3 |a La democracia posible :  |b principios para un nuevo debate político /  |c R. Dworkin ; tr. por Ernest Weikert García. 
264 4 |a Barcelona, España :  |b Paidós,  |c 2008, c2008 
300 |a 214 p. 
336 |a texto  |b txt  |2 rdacontenido 
337 |a sin mediación  |b n  |2 rdamedio 
338 |a volumen  |b nc  |2 rdasoporte 
440 1 |a (Paidós Estado y Sociedad ;  |v 154) 
500 |a Traducción de: Is Democracy Possible Here? 
520 |a Estudio acerca de los principios de moralidad personal y política que deberán estar en la base de cualquier debate político en toda sociedad avanzada. Para ello, Dworkin analiza algunos tópicos que considera fundamentales: dignidad de la persona, derechos humanos, religión y política, distribución de la riqueza y formas en la toma de decisiones políticas. Aunque en sus planteamientos el autor hace referencia a la política norteamericana, aclara que sus planteamientos son de alcance internacional. 
649 |a XX 
650 |a Democracia -  |x Tema Principal 
650 |a Dignidad 
650 |a Derechos Humanos 
650 |a Política y Religión 
650 |a Distribución del Ingreso 
650 |a Legitimidad e Ilegitimidad 
650 |a Toma de Decisiones 
650 |a Etica Política -  |x Tema Principal 
650 |a Filosofía Política 
650 |a Política -  |z EUA -  |x Historia -  |y 2000-2009 
650 |a Política -  |z EUA -  |x Historia -  |y Siglo XXI 
650 |a Política -  |x Teoría 
910 |a Fondo General 
920 |a Impresos - Libros 
930 |a Colección General 
905 |a 101 
901 |a 0500186116  |b IT1  |c ACC  |i C123136  |u 20250521 
902 |a https://opac.biblio.iteso.mx/vufind/Record/000300386